000 01142cam a2200217 4500
001 ABS63732
008 000000n2001 000 0 eng u
035 _a(Sirsi) u111427
100 _aWilliams, P.J.G.
245 _aRegrant revisited
260 _c2001
490 _aEstates Gazette
_v(0110) 10 March 2001, 152(1)
520 _aThe first of two articles offering advice on leases. Looks at the rule of implied surrender and regrant. Explains how certain changes to leases will result in the creation of a new lease. For instance, if a landlord grants a lease to someone who is already his tenant, and for the same property, the current lease will have been replaced by a new lease. Explains, through examples, how the law on surrender and regrant is less clear in the instances of increases in the extent of the premises, and the length of the term of a lease. Notes that the parties' intentions in these situations are irrelevant.
590 _aABS
650 _aLEASES
650 _aSURRENDER AND RE-GRANT
650 _aIMPLIED SURRENDERS
650 _aALTERATIONS
690 _aLANDLORD AND TENANT-LEASES
942 _n0
999 _c66392
_d66392